000 00352 a2200169 4500
001 188163
020 _a85-01-06415-7
040 _cMagnum
100 _aMoretzsohn, Ana Maria
240 1 0 _aBonita luz
_lpor
245 1 0 _aBonita luz
300 _a171
362 0 _a2006
440 1 _aRecord
697 _aLITERATURA INFANTO-JUVENIL
942 _cBK
999 _c188163
_d188163